Double Letters Countries Quiz Stats

 Plays Quiz Updated Mar 22, 2019

Score 0/11 Timer 04:00
3 Plays Today
Country % Correct
Russia
84%
Morocco
67.5%
Greece
63.6%
Philippines
61.2%
Andorra
58.3%
Cameroon
52.8%
Seychelles
47.1%
Saint Kitts and Nevis
41%
Marshall Islands
40.2%
Guinea-Bissau
34.9%
Sierra Leone
32.3%

You're not logged in!

Compare scores with friends on all Sporcle quizzes.
OR
Log In

Sporcle TV

Today on Sporcle TV


Watch our educational content, quiz creation guides, and fun videos on Sporcle TV.

Show Comments

Extras

Top Quizzes Today


Score Distribution

Your Account Isn't Verified!

In order to create a playlist on Sporcle, you need to verify the email address you used during registration. Go to your Sporcle Settings to finish the process.

Report this User

Report this user for behavior that violates our Community Guidelines.

Details: